000
00250nam a2200097Ia 4500
001
709301
005
20250826162544.0
008
250824s9999 xx 000 0 und d
245
0
_a
ŞİİR SALDIM GÖKYÜZÜNE
_c
MAVİSEL YENER
260
_b
TUDEM YAYINLARI
999
_c
709301
_d
709301